000 00432pab a2200157 454500
008 180718b2007 xxu||||| |||| 00| 0 eng d
100 _aSahu, Manoja Kumar
245 _aTackling corporate corruption at transnational level: an appraisal of the emerging international law regime
260 _c2007
300 _ap.34-40.
362 _aApr-Jun
650 _aCorruption
773 _aCBI Bulletin
908 _aN
909 _a79352
999 _c79352
_d79352